[Event "Torcy op-A"]
[Site "Torcy"]
[Date "1991.??.??"]
[Round "?"]
[White "Note, S."]
[Black "Seret, Jean Luc"]
[Result "0-1"]
[WhiteElo "2070"]
[BlackElo "2375"]
[PlyCount "76"]
[EventDate "1991.04.??"]
[EventType "swiss"]
[EventRounds "9"]
[EventCountry "FRA"]
[SourceTitle "TD"]
[Source "ChessBase"]
[SourceDate "1994.03.01"]
[SourceVersion "1"]
[SourceVersionDate "1994.03.01"]
[SourceQuality "1"]

1. e4 g6 2. d4 Bg7 3. Nf3 d6 4. Be2 Nf6 5. Nc3 0-0 6. 0-0 c6 7. h3 Nbd7 8. a4 Qa5 9. Bd2 Qc7 10. Be3 b6 11. Qd2 Bb7 12. Bc4 Rad8 13. Qe2 d5 14. exd5 cxd5 15. Bb5 Ne4 16. Ra3 Nb8 17. a5 a6 18. Bd3 b5 19. Na2 Nc6 20. Qe1 Qd6 21. Rb3 Bc8 22. Ra3 f5 23. g3 f4 24. Bxf4 Rxf4 25. gxf4 Bxh3 26. Bxe4 dxe4 27. Qxe4 Bf5 28. Qe3 Nxd4 29. Ne1 Bh6 30. Qe5 Qd7 31. Re3 Nc6 32. Qc5 Bxf4 33. Rc3 Nd4 34. Ng2 Ne2+ 35. Kh1 Nxc3 36. Nxc3 Be4 37. Rd1 Qxd1+ 38. Nxd1 Rxd1# 0-1